000
00494nam a2200133Ia 4500
008
151213s9999 xx 000 0 und d
100
_a
কবীর চেীধুরী
245
_a
এ্যারিস্টোকানেসের লিসিসট্র্যাটা
_c
কবীর চেীধুরী
260
_a
ঢাকা
_b
বাংলা একাডেমী
_c
1984
300
_a
7321 p.
650
_a
Bangla
700
_a
কবীর চেীধুরী
999
_c
3891
_d
3891